Movies Quiz

Random Movies or Actor Quiz

Most Oscar Losses (Acting) Quiz Stats

 Plays Quiz Updated Mar 5, 2018

Challenge
Share
Tweet
Embed
Score 0/33 Timer 05:00
5 Plays Today
Won-Loss Actor/Actress % Correct
3-18Meryl Streep
83%
1-8Paul Newman
76.1%
1-7Al Pacino
72.9%
0-6Glenn Close
66.3%
2-8Denzel Washington
65.1%
2-5Jane Fonda
63.3%
2-5Dustin Hoffman
63.2%
2-5Cate Blanchett
62.3%
1-5Sissy Spacek
58.6%
0-5Amy Adams
57.8%
4-8Katharine Hepburn
55.3%
1-6Jeff Bridges
53.4%
2-6Jack Lemmon
49.3%
3-9Jack Nicholson
46.1%
1-9Laurence Olivier
42.5%
2-7Spencer Tracy
41%
0-7Richard Burton
40.5%
Won-Loss Actor/Actress % Correct
0-8Peter O'Toole
39.3%
1-6Kate Winslet
38.7%
2-6Marlon Brando
36.3%
2-8Bette Davis
34%
1-5Robert Duvall
30.3%
1-5Judi Dench
28.8%
0-6Deborah Kerr
24%
1-5Ellen Burstyn
18.7%
0-5Albert Finney
13.2%
1-6Greer Garson
9.4%
1-7Geraldine Page
9.2%
1-5Vanessa Redgrave
9%
0-5Irene Dunne
7.6%
0-6Thelma Ritter
6.3%
1-5Norma Shearer
5.6%
0-5Arthur Kennedy
3.6%

You're not logged in!

Compare scores with friends on all Sporcle quizzes.
Join for Free
OR
Log In

You Might Also Like...

Show Comments

Extras

Top Quizzes Today


Score Distribution

Your Account Isn't Verified!

In order to create a playlist on Sporcle, you need to verify the email address you used during registration. Go to your Sporcle Settings to finish the process.

Report this User

Report this user for behavior that violates our Community Guidelines.

Details: